000 00913nam a2200277Ia 4500
003 OSt
005 20220918170719.0
006 a|||||r|||| 00| 0
007 ta
008 220917b |||||||| |||| 00| 0 eng d
020 _a9780415686495 (hbk)
_c9237.79
024 _a289,443
037 _b349, 18/03/2016, Classic Book Service
_cTextual
040 _aARTS
_cARTS
_beng
041 _2eng
_aeng
082 _aX:991, Q5
100 _aOya Carlos Ed.
_930567
245 0 _aRural wages employment in developing countries
_b Theory, evidence, and policy
260 _aLondon
_bRoutledge UK
_c2015
300 _axxii, 364p.
_ccm.
490 _aRoutledge ISS studies in rural livelihoods
650 _aECONOMICS
700 _a Pontara Nicola Ed.
_930568
942 _hX:991, Q5
_cTEXL
_2CC
999 _c135303
_d135303